Major Bible themes; (Record no. 1694)
[ view plain ]
| 000 -LEADER | |
|---|---|
| fixed length control field | 02692cam a2200301 4500 |
| 001 - CONTROL NUMBER | |
| control field | 900759 |
| 003 - CONTROL NUMBER IDENTIFIER | |
| control field | OCoLC |
| 005 - DATE AND TIME OF LATEST TRANSACTION | |
| control field | 20180919181125.0 |
| 008 - FIXED-LENGTH DATA ELEMENTS--GENERAL INFORMATION | |
| fixed length control field | 740424s1974 miu 001 0 eng |
| 010 ## - LIBRARY OF CONGRESS CONTROL NUMBER | |
| LC control number | 73017641 |
| 020 ## - INTERNATIONAL STANDARD BOOK NUMBER | |
| International Standard Book Number | 0310223903 |
| 020 ## - INTERNATIONAL STANDARD BOOK NUMBER | |
| International Standard Book Number | 9780310223900 |
| 035 ## - SYSTEM CONTROL NUMBER | |
| System control number | (OCoLC)900759 |
| 040 ## - CATALOGING SOURCE | |
| Original cataloging agency | DLC |
| Language of cataloging | eng |
| Transcribing agency | DLC |
| Modifying agency | BAKER |
| -- | XBE |
| -- | OCLCG |
| -- | WY@ |
| -- | OCLCO |
| -- | CFT |
| -- | CUL |
| 050 00 - LIBRARY OF CONGRESS CALL NUMBER | |
| Classification number | BT77 |
| Item number | .C452 |
| 082 ## - DEWEY DECIMAL CLASSIFICATION NUMBER | |
| Classification number | 230 |
| Item number | C433m |
| 092 ## - LOCALLY ASSIGNED DEWEY CALL NUMBER (OCLC) | |
| Classification number | 230 |
| Item number | C4331m 1974 |
| 100 1# - MAIN ENTRY--PERSONAL NAME | |
| Personal name | Chafer, Lewis Sperry, |
| Dates associated with a name | 1871-1952 |
| 245 10 - TITLE STATEMENT | |
| Title | Major Bible themes; |
| Remainder of title | 52 vital doctrines of the Scripture simplified and explained. |
| Statement of responsibility, etc. | Rev. by John F. Walvoord |
| 250 ## - EDITION STATEMENT | |
| Edition statement | Rev. ed |
| 260 ## - PUBLICATION, DISTRIBUTION, ETC. | |
| Place of publication, distribution, etc. | Grand Rapids, Mich., |
| Name of publisher, distributor, etc. | Zondervan Pub. House |
| Date of publication, distribution, etc. | [1974] |
| 300 ## - PHYSICAL DESCRIPTION | |
| Extent | 374 p. |
| Dimensions | 23 cm |
| 505 0# - FORMATTED CONTENTS NOTE | |
| Formatted contents note | The Bible: the Word of God -- The Bible: inspired of God -- The Bible: its subject and purpose -- The Bible: as a divine revelation -- God the trinity -- God the father -- God the son: his deity and eternity -- God the son: his incarnation -- God the son: his substitutionary death -- God the son: his resurrection -- God the son: his ascension and priestly ministry -- God the son: his coming for the saints -- God the son: his coming with his saints -- God the Holy Spirit: his personality -- God the Holy Spirit: his advent -- God the Holy Spirit: his regeneration -- God the Holy Spirit: his indwelling and sealing -- God the Holy Spirit: his baptism -- God the Holy Spirit: his filling -- The dispensations -- The covenants -- The angels -- Satan: his personality and power -- Satan: his work and destiny -- Man: his creation -- |
| 505 0# - FORMATTED CONTENTS NOTE | |
| Formatted contents note | Man: his fall -- Sin: its character and universality -- Salvation from the penalty of sin -- Salvation from the power of sin -- Four aspects of righteousness -- Sanctification -- Assurance of salvation -- Security of salvation -- Divine election -- The church: her members -- The church: her purpose and commission -- The church: her service and stewardship -- The church: her worship in prayer and thanksgiving -- The church: her organization and ordinances -- The church: the body and bride of Christ and her reward -- The sabbath and the Lord's day -- The gentiles in history and prophecy -- Israel in history and prophecy -- Events preceding the second coming of Christ -- The great tribulation -- The second coming of Christ -- The resurrections -- The judgment of Israel and the nations -- The millennial kingdom -- The judgment of Satan and fallen angels -- The judgment of the great white throne -- The new heaven and the new earth -- Index of subjects -- Scripture index |
| 650 #0 - SUBJECT ADDED ENTRY--TOPICAL TERM | |
| Topical term or geographic name entry element | Theology, Doctrinal |
| Form subdivision | Popular works |
| 700 1# - ADDED ENTRY--PERSONAL NAME | |
| Personal name | Walvoord, John F |
| 942 ## - ADDED ENTRY ELEMENTS (KOHA) | |
| Source of classification or shelving scheme | Dewey Decimal Classification |
| Koha item type | Books |
| Withdrawn status | Lost status | Source of classification or shelving scheme | Damaged status | Not for loan | Collection code | Home library | Current library | Shelving location | Date acquired | Total Checkouts | Full call number | Barcode | Date last seen | Price effective from | Koha item type |
|---|---|---|---|---|---|---|---|---|---|---|---|---|---|---|---|
| Dewey Decimal Classification | Non-fiction | Harvest Mission College | Harvest Mission College | General Stacks | 19.09.2018 | 230 C433m | 003005 | 19.09.2018 | 19.09.2018 | Books |
